हरियाणा का भक्ति साहित्य / (Record no. 111943)

MARC details
000 -LEADER
fixed length control field 01102nam a22002537a 4500
005 - DATE AND TIME OF LATEST TRANSACTION
control field 20181105134622.0
010 ## - LCCN (DPL NO)
LC control number B-205866 B-205891
020 ## - INTERNATIONAL STANDARD BOOK NUMBER
Terms of availability 190.00
International Standard Book Number 8189495054
035 ## - SYSTEM CONTROL NUMBER
System control number B-205866, B-205884 B-205891
037 ## - SOURCE OF ACQUISITION
Source of stock number/acquisition Cen Lib/Ret
082 ## - DEWEY DECIMAL CLASSIFICATION NUMBER
Classification number 820.8
Item number यादव
100 ## - MAIN ENTRY--PERSONAL NAME
Personal name यादव, रामपत
245 ## - TITLE STATEMENT
Title हरियाणा का भक्ति साहित्य /
Statement of responsibility, etc रामपत यादव
246 ## - VARYING FORM OF TITLE
Title proper/short title Hariyana ka bhakti sahitya /
Remainder of title by Rampat Yadav
260 ## - PUBLICATION, DISTRIBUTION, ETC. (IMPRINT)
Place of publication, distribution, etc गाज़ियाबाद
Name of publisher, distributor, etc साहित्य संस्थान
Date of publication, distribution, etc 2006
270 ## - ADDRESS
City गाज़ियाबाद
Address इ-10/660, उतरांचल कॉलोनी, लोनो बॉर्डर
300 ## - PHYSICAL DESCRIPTION
Extent 144पृ.
Dimensions 21सेमी(सजिल्द )
500 ## - GENERAL NOTE
General note संदर्भ शामिल
650 ## - SUBJECT ADDED ENTRY--TOPICAL TERM
Topical term or geographic name as entry element हिंदी साहित्य
General subdivision
Geographic subdivision
650 ## - SUBJECT ADDED ENTRY--TOPICAL TERM
Form subdivision
Topical term or geographic name as entry element भक्ति साहित्य
650 ## - SUBJECT ADDED ENTRY--TOPICAL TERM
Topical term or geographic name as entry element Hindi litarature
650 ## - SUBJECT ADDED ENTRY--TOPICAL TERM
Topical term or geographic name as entry element Bhakti literature
942 ## - ADDED ENTRY ELEMENTS (KOHA)
Source of classification or shelving scheme Dewey Decimal Classification
Item type Hindi Books
Classification part 820.8
Call number suffix यादव
Holdings
Withdrawn status Lost status Not for loan Home library Current library Date acquired Source of acquisition Cost, normal purchase price Full call number Barcode Copy number Cost, replacement price Koha item type Collection code
      Central Library Central Library 06/08/2015 Cen Lib/Ret 190.00 820.8 यादव B-205866 1 190.00 Hindi Books  
      R.C.Libraries (zls) R.C.Libraries (zls) 05/11/2018   190.00 820.8 यादव B-205891   190.00 Hindi Books Non-fiction
      Sarojini Nagar Sarojini Nagar 08/06/2019     820.8 यादव B-205893     Hindi Books Fiction
      Sarojini Nagar Sarojini Nagar 25/10/2021     820.8 यादव B-205895   190.00 Hindi Books Non-fiction
      Shahdara Branch Shahdara Branch 05/09/2018 BPPD/PUB 190.00 820.8 यादव B-205884   190.00 Hindi Books Non-fiction
      Yojana Vihar Yojana Vihar 17/10/2019 BPPD/PUB 190.00 820.8 यादव B-205885   195.00 Hindi Books Non-fiction

© Delhi Public Library
Hit Counter
free hit counter